000 00370nam a2200133Ia 4500
008 231017s9999 xx 000 0 und d
082 _a625.8
082 _bCOM
245 0 _aComprehensive pavement design manual
245 0 _cDesign division & technical services division
260 _bDesign division & technical services division
300 _c30cm
942 _cREP
999 _c606070
_d606070